Triumph of Will :Sonia Gandhi / (Record no. 158356)

MARC details
000 -LEADER
fixed length control field 00732 a2200217 4500
005 - DATE AND TIME OF LATEST TRANSACTION
control field 20181025165130.0
008 - FIXED-LENGTH DATA ELEMENTS--GENERAL INFORMATION
fixed length control field 090302t xxu||||| |||| 00| 0 eng d
010 ## - LCCN (DPL NO)
LC control number B-710708
020 ## - INTERNATIONAL STANDARD BOOK NUMBER
International Standard Book Number 8187943939
Terms of availability 695.00
035 ## - SYSTEM CONTROL NUMBER
System control number B-710708
037 ## - SOURCE OF ACQUISITION
Source of stock number/acquisition Pansy
040 ## - CATALOGING SOURCE
Original cataloging agency DPL
Language of cataloging English
082 ## - DEWEY DECIMAL CLASSIFICATION NUMBER
Classification number 954.052092
100 ## - MAIN ENTRY--PERSONAL NAME
Personal name Ansari, Yusuf
245 ## - TITLE STATEMENT
Title Triumph of Will :Sonia Gandhi /
Statement of responsibility, etc by Yusuf Ansari
260 ## - PUBLICATION, DISTRIBUTION, ETC. (IMPRINT)
Place of publication, distribution, etc New Delhi
Name of publisher, distributor, etc tara-india research press
Date of publication, distribution, etc 2006
270 ## - ADDRESS
Address B-4/22, Safdarjung Enclave
City New Delhi
Postal code 110029
Electronic mail address bahrisons@vsnl.com
Telephone number 24694610
Fax number 24618637
300 ## - PHYSICAL DESCRIPTION
Extent 327p.
Dimensions 21cm. (Hb)
942 ## - ADDED ENTRY ELEMENTS (KOHA)
Institution code [OBSOLETE] dpl
Item type English Books
Source of classification or shelving scheme Dewey Decimal Classification
Classification part 954.052092
Call number suffix ANS
Holdings
Withdrawn status Lost status Source of classification or shelving scheme Damaged status Not for loan Collection code Home library Current library Date acquired Source of acquisition Cost, normal purchase price Total Checkouts Full call number Barcode Date last seen Copy number Cost, replacement price Koha item type
    Dewey Decimal Classification     Non-fiction Ashok Vihar Ashok Vihar 25/10/2018 Gift /16.10.2018 695.00   954.052092 ANS B-710708 25/10/2018 1 695.00 English Books

© Delhi Public Library
Hit Counter
free hit counter